| 000 | 01018naa a22003017a 4500 | ||
|---|---|---|---|
| 001 | BR6009495 | ||
| 003 | BR-BrBNA | ||
| 005 | 20240918173031.0 | ||
| 007 | ta | ||
| 008 | 230509b bl.||||| |||| 00| 0 por d | ||
| 040 |
_aBR-BrBNA _bpor _cBiblioteca Nacional de Agricultura |
||
| 041 | _a(Pt) | ||
| 072 |
_aL00; E15 _b5213 _bG514 |
||
| 090 | _aL00 BR6009495 | ||
| 100 | 1 | _aOsorio, M.L. | |
| 111 | 1 |
_a2. Congresso de Criadores _cPorto Alegre, RS (Brazil) _d25 Apr 1928 |
|
| 245 | 1 | _aMatanca de terneiros [Bezerro de corte] | |
| 260 | 3 |
_aPorto Alegre, RS (Brasil): _c1928. |
|
| 500 | _aAnnaes do 2. Congresso de Criadores Porto Alegre, RS (Brasil): 1928. p. 247-252 (BR6009495-AM)L00 | ||
| 650 | _aProducao animal | ||
| 650 | _aBezerro de corte | ||
| 650 | _aMicroeconomia | ||
| 650 | _aAbate | ||
| 650 | _aEconomia da producao | ||
| 773 | 0 |
_tAnnaes do 2. Congresso de Criadores _wL00 BR6009495 _gPorto Alegre, RS (Brasil), 1928. p. 247-252 |
|
| 909 |
_a202404 _bLucia _c55 _dLucia Elande |
||
| 942 |
_cAM _2AGRIS |
||
| 999 |
_c302578 _d302578 |
||